000 00358nam a2200121Ia 4500
008 250110s9999 xx 000 0 und d
041 _aeng
100 _aKolhatkar K.
_9182013
245 _aLandscape Development Proposal For A Special Township
260 _bM Arch Landscape, Pune
_c2008
300 _a56p
700 _aGuide Name:Sahastrabuddhe Swati
_9209654
999 _c362843
_d362843